Statistics for French soccer players scoring during the World Cup

Click here to take the quiz!

General Stats

  • This quiz has been taken 920 times
    (318 since last reset)
  • The average score is 19 of 61

Answer Stats

GoalsYear(s)Player% Correct
122018, 2022Kylian Mbappé
99%
52014, 2022Olivier Giroud
93%
51998, 2006Zinedine Zidane
91%
42018Antoine Griezmann
87%
61998, 2006Thierry Henry
83%
22014, 2018Paul Pogba
76%
32014Karim Benzema
75%
51978, 1982, 1986Michel Platini
72%
131958Just Fontaine
66%
12018Raphaël Varane
63%
12022Theo Hernandez
60%
21998Lilian Thuram
58%
12018Samuel Umtiti
58%
12018Benjamin Pavard
57%
12006Franck Ribéry
55%
12022Randal Kolo Muani
53%
12022Aurélien Tchouaméni
51%
11998David Trezeguet
51%
21998Emmanuel Petit
50%
12022Adrien Rabiot
45%
12014Blaise Matuidi
43%
11998Laurent Blanc
43%
22006Patrick Vieira
41%
21986Jean-Pierre Papin
38%
12014Mathieu Valbuena
35%
41954, 1958Raymond Kopa
33%
11998Youri Djorkaeff
31%
12010Florent Malouda
30%
11998Bixente Lizarazu
27%
12014Moussa Sissoko
19%
31982Alain Giresse
18%
11998Christophe Dugarry
18%
11986Jean Tigana
15%
11986Luis Fernandez
15%
11982Marius Trésor
14%
21982Didier Six
13%
41978, 1982, 1986Dominique Rocheteau
12%
11986Manuel Amoros
9%
11982Maxime Bossis
8%
31982, 1986Bernard Genghini
7%
11930Lucien Laurent
7%
21986Yannick Stopyra
7%
11978Bernard Lacombe
6%
21954, 1958Jean Vincent
6%
31934, 1938Jean Nicolas
5%
21958Maryan Wisniewski
5%
31958Roger Piantoni
5%
11978Christian Lopez
3%
11938Emile Veinante
3%
11982Gérard Soler
3%
11986Jean-Marc Ferreri
3%
11938Oscar Heisserer
3%
11982René Girard
3%
11982Alain Couriol
2%
21930André Maschinot
2%
11934Georges Verriest
2%
11966Gérard Hausser
2%
11966Hector De Bourgoing
2%
11978Marc Berdoll
2%
11930Marcel Langiller
2%
11958Yvon Douis
2%

Score Distribution

Percentile by Number Answered

Percent of People with Each Score

Your Score History

You have not taken this quiz since the last reset